000 00722nam a2200241 i 4500
001 C2-0300447
003 PPAK
005 20180728081949.0
008 091105s2003 my a|||| ||||| | may d
020 _a9789833585052
040 _aPPAK
_beng
_cPPAK
_erda
082 0 4 _a658.312404
_223
090 0 0 _a658.312404
_bWAN
_dG
100 0 _aWan Norjihan Wan Abdullah,
_eauthor
245 1 0 _aPanduan menjadi fasilitator
264 1 _aKuala Lumpur :
_bPTS Professional Publishing ,
_c2003
300 _a126 pages :
_billustrations ;
_c22 cm
336 _2rdacontent
_atext
337 _2rdamedia
_aunmediated
338 _2rdacarrier
_avolume
650 1 0 _aEmployees - Training of. ; Group facilitation.
942 _ddc
_cB
999 _c104334
_d104334